000
00305nam a2200133Ia 4500
100
_a
Sinha/P.K
942
_c
RB
654
_a
microprocessor
245
_a
Microprocessor for engineers
260
_b
Ellis Horwood Ltd.
_a
Chichester
_c
1987
082
_a
621.38195
_b
SIN
300
_a
855
546
_a
ENGLISH
999
_c
27074
_d
27074